Marcelo in the real world / (Record no. 4133)

MARC details
000 -LEADER
fixed length control field 00900nam a22002657a 4500
001 - CONTROL NUMBER
control field 4133
003 - CONTROL NUMBER IDENTIFIER
control field FISKH
005 - DATE AND TIME OF LATEST TRANSACTION
control field 20240611100358.0
008 - FIXED-LENGTH DATA ELEMENTS--GENERAL INFORMATION
fixed length control field 240611b cb ||||| |||| 00| 0 eng d
020 ## - INTERNATIONAL STANDARD BOOK NUMBER
International Standard Book Number 9780545056908
040 ## - CATALOGING SOURCE
Original cataloging agency FISKH
Language of cataloging eng
Transcribing agency FISKH
Modifying agency FISKH
050 ## - LIBRARY OF CONGRESS CALL NUMBER
Classification number PZ7.S88442
082 ## - DEWEY DECIMAL CLASSIFICATION NUMBER
Classification number 813.6
100 ## - MAIN ENTRY--PERSONAL NAME
Personal name Stork Francisco
Dates associated with a name 1953-
245 ## - TITLE STATEMENT
Title Marcelo in the real world /
Statement of responsibility, etc. Francisco Stork
260 ## - PUBLICATION, DISTRIBUTION, ETC.
Place of publication, distribution, etc. New York :
Name of publisher, distributor, etc. Scholastic,
Date of publication, distribution, etc. 2011
300 ## - PHYSICAL DESCRIPTION
Extent 312 pages :
Dimensions 21 cm
505 ## - FORMATTED CONTENTS NOTE
Formatted contents note M<br/>
520 ## - SUMMARY, ETC.
Summary, etc. Marcelo Sandoval, a seventeen-year-old boy on the high-functioning end of the autistic spectrum, faces new challenges, including romance and injustice, when he goes to work for his father in the mailroom of a corporate law firm.<br/>
521 8# - TARGET AUDIENCE NOTE
Target audience note 700<br/>
Source Lexile<br/>
521 8# - TARGET AUDIENCE NOTE
Target audience note M<br/>
Source Raz-Plus<br/>
700 ## - ADDED ENTRY--PERSONAL NAME
Personal name Francisco Stork
942 ## - ADDED ENTRY ELEMENTS (KOHA)
Source of classification or shelving scheme Dewey Decimal Classification
Koha item type Books
Suppress in OPAC No
Holdings
Withdrawn status Lost status Source of classification or shelving scheme Damaged status Not for loan Collection Home library Current library Shelving location Date acquired Total Checkouts Full call number Barcode Date last seen Copy number Price effective from Koha item type
    Dewey Decimal Classification     Fiction Footprints International School Library Network Toul Kork Campus Footprints International School Library Network Toul Kork Campus   06/11/2024   STO PZ7.S88442 813.6 2024-0861 06/11/2024 1 06/11/2024 Books